=LDR 00000nam 2200000 4500 =001 INLIS000000000052262 =005 20230221025127 =035 ##$$a 0010-0118000450 =007 ta =008 230221###########################0###### =020 ##$$a 979-007-001-2 =082 ##$$a 346.04 =084 ##$$a 346.04 SUP h =100 #$$a Supriadi =245 1#$$a Hukum Agraria /$c Supriadi, S.H., M.Hum =250 ##$$a Cet.7 =260 ##$$a Jakarta :$b Sinar Grafika,$c 2016 =300 ##$$a ix, 446 hlm ; $c 23 cm. =500 ##$$a Bibliografi : hlm.335-337 =650 #4$$a Hukum Agraria =990 ##$$a 21706505 =990 ##$$a 21706504 =990 ##$$a 21706503 =990 ##$$a 21706502 =990 ##$$a 21706501 =990 ##$$a 21706503 =990 ##$$a 21706505 =990 ##$$a 21706504 =990 ##$$a 21706502 =990 ##$$a 21706501